00551nam a2200193Ia 4500003000400000008004100004020001500045040001600060082001500076100001700091245005300108260005800161300002100219650002100240650003300261650002400294650001900318650002000337GCL140319s9999 xx 000 0 eng d a0060193867 aGCL / cGCL04a923.2bJ C1 aJUNOR, PENNY10aCHARLES : bVICTIM OR VALLAIN ? / cJUNOR, PENNY a[S.N] : bHARPER COLLINS COLLEGE PUBLISBERS ، c1998 a22 CM ؛ c304 P04aSPENCER, CHARLES04aSPENCER, CHARLES - BIOGRAPHY04aPRINCES - BIOGRAPHY04aSPENCER, DIANA04aPARKER, CAMILLA